Statistics for What's Wrong With This Map of the USA?

Click here to take the quiz!

General Stats

  • This quiz has been taken 731 times
  • The average score is 9 of 10

Answer Stats

Incorrect Correct % Correct
OregonWashington
95%
North DakotaSouth Dakota
92%
GeorgiaSouth Carolina
91%
New MexicoArizona
89%
WyomingColorado
89%
KentuckyTennessee
87%
New HampshireVermont
87%
ColoradoWyoming
87%
AlabamaMississippi
84%
IowaOhio
84%

Score Distribution

Percentile by Number Answered

Percent of People with Each Score

Your Score History

You have not taken this quiz